000 00345cam a2200145ua 4500
041 _aeng
_h
082 _a828.09
_bBRE/GE
100 _aBrett, R L .
245 _aGeorge crabbe /
_cR L Brett.
_hTextual Documents
260 _aLondon :
_bLongaman Green and Co ,
_c1956.
300 _a44 ; .
504 _a
942 _cBK
999 _c2613
_d2613